<?xml version="1.0" encoding="UTF-8"?>
<record
    xmlns:xsi="http://www.w3.org/2001/XMLSchema-instance"
    xsi:schemaLocation="http://www.loc.gov/MARC21/slim http://www.loc.gov/standards/marcxml/schema/MARC21slim.xsd"
    xmlns="http://www.loc.gov/MARC21/slim">

  <leader>02372njm a2200421Ia 4500</leader>
  <controlfield tag="001">87520</controlfield>
  <controlfield tag="003">IT-RoPAU</controlfield>
  <controlfield tag="005">20220918181123.0</controlfield>
  <controlfield tag="008">131025s9999    xx            000 0 und d</controlfield>
  <datafield tag="040" ind1=" " ind2=" ">
    <subfield code="a">IT-RoPAU</subfield>
  </datafield>
  <datafield tag="040" ind1=" " ind2=" ">
    <subfield code="c">IT-RoPAU</subfield>
  </datafield>
  <datafield tag="041" ind1=" " ind2=" ">
    <subfield code="a">INGLESE</subfield>
  </datafield>
  <datafield tag="999" ind1=" " ind2=" ">
    <subfield code="c">99968</subfield>
    <subfield code="d">99968</subfield>
  </datafield>
  <datafield tag="999" ind1=" " ind2=" ">
    <subfield code="b">n.d.</subfield>
  </datafield>
  <datafield tag="100" ind1=" " ind2=" ">
    <subfield code="a">AA.VV.</subfield>
    <subfield code="9">794</subfield>
  </datafield>
  <datafield tag="100" ind1=" " ind2=" ">
    <subfield code="e">Autore musica</subfield>
    <subfield code="9">26741</subfield>
  </datafield>
  <datafield tag="100" ind1=" " ind2=" ">
    <subfield code="g">Codice autore musica SPICS: 12000</subfield>
    <subfield code="9">796</subfield>
  </datafield>
  <datafield tag="245" ind1=" " ind2=" ">
    <subfield code="a">Foreign Affair</subfield>
  </datafield>
  <datafield tag="250" ind1=" " ind2=" ">
    <subfield code="a">1a ed.</subfield>
  </datafield>
  <datafield tag="260" ind1=" " ind2=" ">
    <subfield code="a">USA</subfield>
  </datafield>
  <datafield tag="260" ind1=" " ind2=" ">
    <subfield code="b">CAPITOL RECORDS</subfield>
    <subfield code="c">1989 [1a Ed.:1989 - Ed. Lingua Orig.: 1989]</subfield>
  </datafield>
  <datafield tag="300" ind1=" " ind2=" ">
    <subfield code="a">DISCO</subfield>
  </datafield>
  <datafield tag="500" ind1=" " ind2=" ">
    <subfield code="a">Musica pop. Canzone inglese</subfield>
  </datafield>
  <datafield tag="505" ind1=" " ind2=" ">
    <subfield code="a">Steamy Windows - The Best - You Know Who (Is Doing You Know What) - Undercover Agent For the Blues - Look Me In the Heart - Be Tender With Me Baby - You Can't Stop Me Loving You - Ask Me How I Feel - Falling Like Rain - I Don't Wanna Lose You - Not Enough Romance - Foreign Affair</subfield>
  </datafield>
  <datafield tag="650" ind1=" " ind2=" ">
    <subfield code="a">POP [DISCHI]</subfield>
    <subfield code="e">Codice MATERIA SPICS: 9950</subfield>
    <subfield code="9">1001</subfield>
  </datafield>
  <datafield tag="700" ind1=" " ind2=" ">
    <subfield code="a">Turner Tina</subfield>
    <subfield code="g">Codice interprete SPICS: 13173</subfield>
    <subfield code="e">Interprete</subfield>
    <subfield code="9">26742</subfield>
  </datafield>
  <datafield tag="700" ind1=" " ind2=" ">
    <subfield code="a">White Tony Joe</subfield>
    <subfield code="g">Codice autore musica SPICS: 31071</subfield>
    <subfield code="e">Autore musica</subfield>
    <subfield code="p">Steamy Windows - You Know Who (Is Doing You Know What) - Undercover Agent For the Blues - Foreign Affair</subfield>
    <subfield code="9">26743</subfield>
  </datafield>
  <datafield tag="700" ind1=" " ind2=" ">
    <subfield code="a">Chapman Mike</subfield>
    <subfield code="g">Codice autore musica SPICS: 24546</subfield>
    <subfield code="e">Autore musica</subfield>
    <subfield code="p">The Best </subfield>
    <subfield code="9">26744</subfield>
  </datafield>
  <datafield tag="700" ind1=" " ind2=" ">
    <subfield code="a">Knight Holly</subfield>
    <subfield code="g">Codice autore SPICS: 31068</subfield>
    <subfield code="e">Autore</subfield>
    <subfield code="p">The Best - Be Tender With Me Baby - You Can't Stop Me Loving You - Ask Me How I Feel</subfield>
    <subfield code="9">26745</subfield>
  </datafield>
  <datafield tag="700" ind1=" " ind2=" ">
    <subfield code="a">White L.</subfield>
    <subfield code="g">Codice autore SPICS: 31072</subfield>
    <subfield code="e">Autore</subfield>
    <subfield code="p">Undercover Agent For the Blues</subfield>
    <subfield code="9">26746</subfield>
  </datafield>
  <datafield tag="700" ind1=" " ind2=" ">
    <subfield code="a">Kelly Tom</subfield>
    <subfield code="g">Codice autore musica SPICS: 28499</subfield>
    <subfield code="e">Autore musica</subfield>
    <subfield code="p">Look Me In the Heart</subfield>
    <subfield code="9">26747</subfield>
  </datafield>
  <datafield tag="700" ind1=" " ind2=" ">
    <subfield code="a">Steinberg Billy</subfield>
    <subfield code="g">Codice autore SPICS: 28500</subfield>
    <subfield code="e">Autore</subfield>
    <subfield code="p">Look Me In the Heart</subfield>
    <subfield code="9">26748</subfield>
  </datafield>
  <datafield tag="700" ind1=" " ind2=" ">
    <subfield code="a">Hammond A.</subfield>
    <subfield code="g">Codice autore musica SPICS: 14448</subfield>
    <subfield code="e">Autore musica</subfield>
    <subfield code="p">Be Tender With Me Baby - You Can't Stop Me Loving You - Ask Me How I Feel</subfield>
    <subfield code="9">26749</subfield>
  </datafield>
  <datafield tag="700" ind1=" " ind2=" ">
    <subfield code="a">Munday D.</subfield>
    <subfield code="g">Codice autore musica SPICS: 31073</subfield>
    <subfield code="e">Autore musica</subfield>
    <subfield code="p">Falling Like Rain</subfield>
    <subfield code="9">26750</subfield>
  </datafield>
  <datafield tag="700" ind1=" " ind2=" ">
    <subfield code="a">Stewart S.</subfield>
    <subfield code="g">Codice autore SPICS: 31074</subfield>
    <subfield code="e">Autore</subfield>
    <subfield code="p">Falling Like Rain</subfield>
    <subfield code="9">26751</subfield>
  </datafield>
  <datafield tag="700" ind1=" " ind2=" ">
    <subfield code="a">Lyle Graham</subfield>
    <subfield code="g">Codice autore SPICS: 25638</subfield>
    <subfield code="e">Autore</subfield>
    <subfield code="p">I Don't Wanna Lose You</subfield>
    <subfield code="9">26752</subfield>
  </datafield>
  <datafield tag="700" ind1=" " ind2=" ">
    <subfield code="a">Hartman Dan</subfield>
    <subfield code="g">Codice autore musica SPICS: 15926</subfield>
    <subfield code="e">Autore musica</subfield>
    <subfield code="p">Not Enough Romance</subfield>
    <subfield code="9">26753</subfield>
  </datafield>
  <datafield tag="942" ind1=" " ind2=" ">
    <subfield code="c">MD</subfield>
    <subfield code="2">ddc</subfield>
  </datafield>
  <datafield tag="952" ind1=" " ind2=" ">
    <subfield code="0">0</subfield>
    <subfield code="1">0</subfield>
    <subfield code="4">0</subfield>
    <subfield code="6">87520_000000000000000</subfield>
    <subfield code="7">1</subfield>
    <subfield code="a">SPICS</subfield>
    <subfield code="b">SPICS</subfield>
    <subfield code="d">2013-10-25</subfield>
    <subfield code="l">0</subfield>
    <subfield code="o">87520</subfield>
    <subfield code="r">2013-10-25 00:00:00</subfield>
    <subfield code="w">2013-10-25</subfield>
    <subfield code="y">MD</subfield>
    <subfield code="z">Progr. Ins.: 21431 / N.Vol.: 1 / Copie: 1 - Copia rara: n.d. / date import: 01.01.2014 - By Epidotti, Trombetti, Vaglietti</subfield>
  </datafield>
</record>
